000
00458nam a2200181Ia 4500
008
090124s9999 xx 000 0 und d
082
_b
14636
100
_a
आपटे हरि नारायण
245
_a
मी
250
_a
0
260
_c
1965
300
_a
458
600
_a
आपटे हरि नारायण
630
_a
मी
700
_a
आपटे हरि नारायण
730
_a
मी
942
_c
BOOK
999
_c
107030
_d
107030